Statistics for Countries that spend the most time gaming on average

Click here to take the quiz!

General Stats

  • This quiz has been taken 31 times
  • The average score is 6 of 8

Answer Stats

Hours SpentAnswer% Correct
7.71 hoursUSA
100%
12.39 hoursChina
93%
7.17 hoursUK
93%
7.13 hoursGermany
85%
5.88 hoursSouth Korea
78%
8.61 hoursIndia
70%
8.54 hoursIndonesia
41%
10.16 hoursVietnam
41%

Score Distribution

Percentile by Number Answered

Percent of People with Each Score

Your Score History

You have not taken this quiz